| 000 | 00760cam a22002533a 4500 | ||
|---|---|---|---|
| 001 | 28258 | ||
| 003 | PGUSA | ||
| 005 | 20140828083617.0 | ||
| 008 | 090306s2009||||xxu|||||s|||||000 | eng d | ||
| 040 |
_aPGUSA _beng |
||
| 042 | _adc | ||
| 050 | 4 | _aTL | |
| 100 | 1 |
_aNadar, Félix, _d1820-1910 |
|
| 245 | 1 | 0 |
_aÀ terre and en l'air... : _bMémoires du Géant _h[electronic resource] / _cFélix Nadar |
| 260 |
_bProject Gutenberg, _c2009 |
||
| 506 | _aPublic domain in the USA. | ||
| 516 | _aElectronic text | ||
| 653 | _aBalloon ascensions | ||
| 700 | 1 |
_aBabinet, M. _q(Jacques), _d1794-1872 |
|
| 740 | 0 | _aÀ terre et en l'air... Mémoires du Géant | |
| 830 | 0 |
_aProject Gutenberg _v28258 |
|
| 856 | 4 | 0 | _uhttp://www.gutenberg.org/ebooks/28258 |
| 942 | _cEB | ||
| 999 |
_c257513 _d257513 |
||